000 00667nam a22002177a 4500
999 _c18871
_d18871
003 AR-CdUCM
008 190515b ||||| |||| 00| 0 spa d
040 _aMUNICIPALIDAD PROVINCIAL DEL CUSCO
_cBIBLIOTECA MUNICIPAL DEL CUSCO
082 _a921.85 /
_bG934
100 _aGuerra Martinez, Luis Felipe
_939760
245 _aAlejandro Deustua /
260 _aLima :
_c1964.
300 _a98 páginas ;
_c20 cm.
440 _aBiblioteca hombres del Perú
_937520
505 _aContenido: Biografía escritor peruano.
650 _aBiografías
_9148
650 _aLiteratura peruana
_9169
650 _aPerú
_935
942 _2ddc
_cLIBROS
945 _adavv
_d2019-05-15